00953 2200349 4500001002100000005001500021035002000036007000300056040001700059245005100076250001000127300003600137020002200173041000800195082000900203084001400212090002500226264003300251336002100284337003000305338002300335650001700358850001000375008004100385100003600426990002300462990002300485990002200508990002600530990002500556990002200581INLIS00000000000932820260422084913 a0010-1122000287ta aSBPUPADbind1 aMenjahit Untuk Pemula\ /cNur Astri Damayanti; aCet.1 aiv, 80 hlm. :bilus. ;c23,5 cm a978-979-1478-65-60 aind a646. a646 NUR m a746.4 MAR a L 22 R 9 aJakarta :bKata Media,c2016 2rdacontentateks 2rdamediaatanpa perantara 2rdacarrieravolume 4aketerampilan aPUPAD260422 0 0 aNur Astri Damayanti;ePengarang a30.896/DPK-APBD/19 a30.895/DPK-APBD/19 a27.418/P/DPK/2018 a30.898./DPK.APBD/2019 a30.897/DPK/APBD/2019 a27.420/P/DPK/2018